000 00954nam a2200253 i 4500
001 179227
003 ES-MaACL
005 20230917185404.0
008 111011s2009 sp cfo |||| |dspa d
020 _a978-84-613-6676-7
080 _a634.63(460.33)
080 _a641.55(083.12)
245 0 0 _aCaminando entre oliveras
_b: descubriendo los aceites de Murcia /
_cFiro Vázquez, Chema Barroso, Matías Pérez Llera, Luis Mª de Pazos, Guillermo Navarro.
250 _a1ª ed.
260 _aMurcia :
_bConsejería de Agricultura y Agua,
_c2009.
300 _a174 p. :
_bprincipalmente fot. col.y n., il. ;
_c28 x 30 cm.
650 7 _aOlivos-
_zMurcia (Comunidad Autónoma)
_9148199
650 7 _aAceite de oliva-
_xRecetas de cocina.
_99581
650 4 _aOlivicultura.
_9148202
700 1 _aVázquez, Firo.
_9148200
852 _aES-MaACL
_jA-11610
_9186107
_bR.145906
_cDEPO1
_dOlim: N-4615
942 _2udc
_cMONOGRAFIA
999 _c179227
_d179227